Cape Cod Trivia - Statistics

General Stats
  • This quiz has been taken 72 times
  • The average score is 9 of 15
Answer Stats
Hint Answer % Correct
Town at the far northern tip of Cape Cod Provincetown
92%
Historical ship that briefly landed in that town Mayflower
87%
Cape Cod is in this Massachusetts county Barnstable
81%
Which U.S. president and his family lived in Hyannis? John F. Kennedy
81%
Heavily touristed islands south of Cape Cod Martha's Vineyard
78%
Heavily touristed islands south of Cape Cod Nantucket
76%
Name one of the two road bridges that cross the Cape Cod Canal Bourne | Sagamore
75%
Route that traverses Cape Cod, also called "Grand Army of the Republic Highway" U.S. Route 6
62%
The "Cape Codder" cocktail consists of vodka as well as this juice Cranberry
60%
Bay to the west of Falmouth Buzzards Bay
57%
Oldest town on Cape Cod Sandwich
48%
What lighthouse in Eastham appears on Cape Cod Chips bags? {Nauset} Light
35%
Signature flower of Cape Cod—there is a festival for them Hydrangea
30%
Air National Guard base on Cape Cod Otis
24%
Sparsely populated chain of 20 islands to the southwest {Elizabeth} Islands
22%
No matching quizzes found
Score Distribution
Percent of People with Each Score
Percentile by Number Answered
Your Score History
You have not taken this quiz